000 00348nam a22001457a 4500
008 211012b ||||| |||| 00| 0 eng d
020 _a9780838513897
041 _aeng
080 _24th
_a610.73
082 _a610.73
100 _a2
101 _aINF
245 _aClinical Nursing Skills Basic to Advanced Skills
_cSmith,S.F
942 _2udc
_cBK
999 _c58172
_d58172